01017cam a22003614i 4500003000900000005001700009008004100026020001500067035002700082040003300109082001900142100002500161245003600186264003500222300003800257336002100295337002500316338002300341504003900364505013300403526001000536526001000546526001000556526001000566526000800576526000800584526000800592526000800600526000800608526000800616526000800624650002300632PE-LiUPU20250731173517.0150616s r 000 0 d a0802425895 a(Sirsi) i9780802425898 aPE-LiUPUbspacPE-LiUPUerda04a253.7bM382211 aMeier, Paul,eautor.10aFilling the holes in our souls. 1aChicago :bMoody Press,c1992. a200 páginas ;c22 centímetros atext2rdacontent aunmediated2rdamedia avolume2rdacarrier aBibliografía: páginas 197-200.0 aSo what's a small group?.- Producing a mature church.- Going public.- Experiencing the small groupáginas- Ministering in love. aSEG42 aSEG41 aSEG40 aSEG39 aP94 aP87 aP86 aP85 aP77 aP76 aP3504aPEQUEÑOS GRUPOS.